000 00909nam a2200217 i 4500
003 IT-RoINE
005 20190725094444.0
008 030124s191- sp af |r 000|||spa|d
040 _cIT-RoINE
_dIT-RoINE
245 0 3 _aLa Ley llamada del "Candado" y la oposición católica en las Cortes :
_bcolección de discursos pronunciados por los reverendos prelados y por los representantes de las minorías tradicionalistas.
246 3 _aKulturkamf español, primera etapa
260 _aMadrid :
_bEl Correo Español,
_c[191-?]
300 _a511 p., [18] h. de lám. :
_cil. ;
_b23 cm.
336 _2rdacontent
_atext
337 _2rdamedia
_aunmediated
338 _2rdacarrier
_avolume
500 _aPrecede al tít.: El Kulturkamf español, primera etapa.
650 0 4 _aMonacato y órdenes religiosas
_xDerecho
_zEspaña
_961814
650 0 4 _aSociedades religiosas
_xDerecho
_zEspaña
_961815
942 _cMTS
999 _c31534
_d31534